| 000 | 01167 a2200289 4500 | ||
|---|---|---|---|
| 003 | OSt | ||
| 005 | 20180116192339.0 | ||
| 008 | 120525t xxu||||| |||| 00| 0 eng d | ||
| 020 | _a1875498753 (hardcover) | ||
| 020 | _a9781875498758 (hardcover) | ||
| 040 | _c0 | ||
| 082 | 0 | 4 | _a720.92 |
| 100 | 1 |
_aSeidler, Harry. _92185 |
|
| 245 | 1 | 0 |
_aHarry seidler : _bmas iii / _cHarry Seidler, Stephen Dobney. |
| 260 |
_aVictoria : _bImages Publishing Dist A/C, _c2006. |
||
| 300 |
_a256 p. ; _bill., _c30 cm. |
||
| 490 | 1 | _aThe master architect. | |
| 500 | _aIncludes bibliographical refrences and indexe | ||
| 520 | _aWinner of the prestigious RIBA's gold medal in 1996 Harry Seidler is recognised as one of the last decade's most outstanding contributors to international architecture. | ||
| 600 |
_aSeidler, Harry _d1923-2006 _92186 |
||
| 650 |
_aArchitecture, Modern _zAustralia _92187 |
||
| 700 | 1 |
_aDobney, Stephen. _92188 |
|
| 830 | 4 |
_aThe master architect. _92189 |
|
| 856 | 4 | 0 |
_3Amazon.com _uhttp://www.amazon.com/exec/obidos/ASIN/1875498753/chopaconline-20 |
| 942 |
_aSADA _cREF _k720.92 SEI 1997 _2ddc |
||
| 999 |
_c352573 _d352573 |
||